Language Quiz

Random Language or German Quiz

Wortschatz 4-Kapitel 2 Quiz Stats

 Plays Quiz not verified by Sporcle

Support Sporcle.
Go Orange.
Score 0/52 Timer 10:00
0 Plays Today
English: German: % Correct
betterbesser
100%
on Saturdayam Samstag
100%
forfür
100%
to; for (an occasion)zu
100%
everythingalles
100%
well, so, thusalso
100%
thereda
100%
somethingetwas
100%
this eveningheute Abend
100%
ratherlieber
100%
tomorrowmorgen
100%
naturallynatürlich
100%
nevernie
100%
no one, nobodyniemand
100%
perhapsvielleicht
100%
if; whenwenn
100%
togetherzusammen
100%
wrongfalsch
50%
whole; here: quiteganz
50%
right, correctrichtig
50%
badschlecht
50%
difficultschwierig
50%
importantwichtig
50%
at; on; toan
50%
on the phoneam Telefon
50%
with; atbei
50%
English: German: % Correct
untilbis
50%
until eight o'clockbis acht Uhr
50%
comfortablebequem
0%
cheap, inexpensivebillig
0%
urgent(ly)dringend
0%
real(ly)echt
0%
simple, simplyeinfach
0%
gaudy, shrill; here: cool, neatgrell
0%
uglyhässlich
0%
prettyhübusch
0%
boringlangweilig
0%
expensiveteuer
0%
neat, greattoll
0%
valuable, expensivewertvoll
0%
ratherziemlich
0%
pretty bigziemlich groß
0%
chicschick
0%
on the seaans Meer
0%
to the Universityzur Uni
0%
for someone's birthdayzum Geburtstag
0%
everything possiblealles Mögliche
0%
a fewein paar
0%
of courseklar!
0%
I'd rather go...ich gehe lieber...
0%
at noonmittags
0%
alreadyschon
0%

You're not logged in!

Compare scores with friends on all Sporcle quizzes.
OR
Log In

From the Vault

Birth or Stage Name?

by wiggytitch

Maybe they were born that way - maybe it's the decision of their manager!
Remove Ads.
Support Sporcle.
Get the best of Sporcle when you Go Orange. This ad-free experience offers more features, more stats, and more fun while also helping to support Sporcle. Thank you for becoming a member.

Show Comments

Extras

Created Mar 29, 2011ReportNominate
Tags:German Quiz, English

Top Quizzes Today


Score Distribution

Your Account Isn't Verified!

In order to create a playlist on Sporcle, you need to verify the email address you used during registration. Go to your Sporcle Settings to finish the process.

Report this User

Report this user for behavior that violates our Community Guidelines.

Details: